Normal view MARC view

Entry Personal Name

Number of records used in: 2

001 - CONTROL NUMBER

  • control field: 9992

003 - CONTROL NUMBER IDENTIFIER

  • control field: DLC

005 - DATE AND TIME OF LATEST TRANSACTION

  • control field: 20231204122817.0

008 - FIXED-LENGTH DATA ELEMENTS

  • fixed length control field: 840803n| azannaabn |a aaa

010 ## - LIBRARY OF CONGRESS CONTROL NUMBER

  • LC control number: n 84029378
  • Canceled/invalid LC control number: n 89193427

035 ## - SYSTEM CONTROL NUMBER

  • System control number: (OCoLC)oca01183920

040 ## - CATALOGING SOURCE

  • Original cataloging agency: DLC
  • Language of cataloging: eng
  • Transcribing agency: DLC
  • Modifying agency: DLC
  • Modifying agency: WaU
  • Modifying agency: DLC
  • Modifying agency: Nz
  • Description conventions: rda
  • Modifying agency: DLC

100 1# - HEADING--PERSONAL NAME

  • Personal name: Bandyopādhyāẏa, Śekhara

375 ## - GENDER

  • Gender: male

377 ## - ASSOCIATED LANGUAGE

  • Language code: eng

400 0# - SEE FROM TRACING--PERSONAL NAME

  • Personal name: Śekhara Bandyopādhyāẏa

400 1# - SEE FROM TRACING--PERSONAL NAME

  • Personal name: Bandyopadhyay, Shekhar

400 0# - SEE FROM TRACING--PERSONAL NAME

  • Personal name: Shekhar Bandyopadhyay

400 0# - SEE FROM TRACING--PERSONAL NAME

  • Personal name: Sekhar Bandyopadhyay

400 1# - SEE FROM TRACING--PERSONAL NAME

  • Personal name: Bandyopadhyay, Sekhar

400 1# - SEE FROM TRACING--PERSONAL NAME

  • Personal name: Bandopadhyay, Sekhar

670 ## - SOURCE DATA FOUND

  • Source citation: His Ashṭādaśa śatakera Mughala saṃkaṭa o ādhunika itihāsa cintā, 1983:
  • Information found: t.p. (Śekhara Bandyopādhyāẏa) t.p. verso (Shekhar Bandyopadhyay)

670 ## - SOURCE DATA FOUND

  • Source citation: His Burma to-day. 1987:
  • Information found: t.p. (Sekhar Bandyopadhyay) jkt. (b. 1952; lecturer in the Centre for South and Southeast Asian Studies, Calcutta U.)

670 ## - SOURCE DATA FOUND

  • Source citation: Caste and communal politics in South Asia, 1993:
  • Information found: t.p. (Sekhar Bandopadhyay) p. vi (Dept. of Hist., U. of Calcutta)

670 ## - SOURCE DATA FOUND

  • Source citation: Decolonization in South Asia, 2009:
  • Information found: p. i (Sekhar Bandyopadhyay is Professor of Asian History at Victoria University of Wellington, New Zealand)

Powered by Koha